000 00558nam a2200193 a 4500
005 20140311163030.0
008 100115s19uu xx 00 eng d
020 _a9781856176675
050 _aHF 5686.H75
_b.G85 2009
100 _aGuilding, Chris
245 _aAccounting essentials for hospitality managers /
_cChris Guilding.
250 _a2nd. ed.
260 _aAmsterdam :
_bElsevier,
_c2009.
300 _a347 p. :
_bill. col. ;
_c24 cm.
521 _aBSBA
650 _aHospitality industry
_xFinance.
942 _cBK
_2lcc
_kFOR
999 _c39618
_d39618